LEADER 02084nam 2200553 a 450 001 9910461977603321 005 20200520144314.0 010 $a1-283-65805-4 010 $a1-4422-1734-0 035 $a(CKB)2670000000277766 035 $a(EBL)1042020 035 $a(SSID)ssj0000759831 035 $a(PQKBManifestationID)12299328 035 $a(PQKBTitleCode)TC0000759831 035 $a(PQKBWorkID)10783785 035 $a(PQKB)10836049 035 $a(MiAaPQ)EBC1042020 035 $a(Au-PeEL)EBL1042020 035 $a(CaPaEBR)ebr10612965 035 $a(CaONFJC)MIL397055 035 $a(OCoLC)817829083 035 $a(EXLCZ)992670000000277766 100 $a20120507d2012 uy 0 101 0 $aeng 135 $aur|n|---||||| 181 $ctxt 182 $cc 183 $acr 200 14$aThe philosophical child$b[electronic resource] /$fJana Mohr Lone 210 $aLanhamn, Md. $cRowman & Littlefield Publishers$dc2012 215 $a1 online resource (161 p.) 300 $aDescription based upon print version of record. 311 $a1-4422-1732-4 311 $a1-4422-1733-2 320 $aIncludes bibliographical references and index. 327 $aThe philosophical self -- Philosophical sensitivity -- Death, reality and identity -- Knowledge and belief -- Morality and how to live -- Art and beauty -- What do we want for our children?. 330 $aMany parents welcome the idea of being able to talk with their children about life's big questions, but are unsure where to begin. In The Philosophical Child, Mohr Lone offers parents easy ways to introduce philosophical questions to their children and to gently help them explore significant issues. 606 $aPhilosophy$xStudy and teaching 608 $aElectronic books. 615 0$aPhilosophy$xStudy and teaching. 676 $a108.3 700 $aMohr Lone$b Jana$f1960-$0895961 801 0$bMiAaPQ 801 1$bMiAaPQ 801 2$bMiAaPQ 906 $aBOOK 912 $a9910461977603321 996 $aThe philosophical child$92001619 997 $aUNINA LEADER 01898nam 2200409Ia 450 001 996385064003316 005 20200824132023.0 035 $a(CKB)4940000000074819 035 $a(EEBO)2240956459 035 $a(OCoLC)ocm12063552e 035 $a(OCoLC)12063552 035 $a(EXLCZ)994940000000074819 100 $a19850521d1688 uy | 101 0 $aeng 135 $aurbn||||a|bb| 200 10$aMonsieur Pascall's thoughts, meditations, and prayers, touching matters moral and divine$b[electronic resource] $eas they were found in his papers after his death : together with a discourse upon Monsieur Pascall's, Thoughts ... as also another discourse on the proofs of the truth of the books of Moses : and a treatise, wherein is made appear that there are demonstrations of a different nature but as certain as those of geometry, and that such may be given of the Christian religion /$fdone into English by Jos. Walker 210 $aLondon $cPrinted for Jacob Tonson ...$d1688 215 $a[42], 263 p., [8], 269-375 p 300 $aTranslation of: Pense?es. 300 $a"A discourse upon Monsieur Pascall's, Thoughts" by Jean Filleau de la Chaise (p. 269-375) has special t.p. 300 $a"The life of Monsieur Pascall, writ by Madam Perier his sister": p. 1-36. 300 $a"Licensed by R.M." 300 $aReproduction of original in British Library. 330 $aeebo-0018 700 $aPascal$b Blaise$f1623-1662.$028760 701 $aWalker$b Joseph$0845961 701 $aPerier$cMadame$g(Gilberte),$f1620-1685.$0202133 701 $aFilleau de la Chaise$b Jean$f1631-1688.$0845962 801 0$bEAA 801 1$bEAA 801 2$bm/c 801 2$bUMI 801 2$bWaOLN 906 $aBOOK 912 $a996385064003316 996 $aMonsieur Pascall's thoughts, meditations, and prayers, touching matters moral and divine$91889298 997 $aUNISA LEADER 01024nam a22002778a 4500 001 991001413239707536 008 111004s2009 ii b 001 0 eng d 020 $a9780071634328 035 $ab14010628-39ule_inst 040 $aDip.to Fisica$beng 084 $aLC RE451 084 $a617.7 245 00$aMultifocal IOLs /$c[edited by] Frank Joseph Goes 260 $aNew Delhi, India :$bJaypee Brothers Medical ;$aNew York :$bMcGraw-Hill Medical,$cc2009 300 $axvi, 235 p. :$bill. (some col.) ;$c27 cm 504 $aIncludes bibliographical references and index 650 4$aCataract$xSurgery 650 4$aIntraocular lenses 650 4$aEye$xRefractive errors$xSurgery 700 1 $aGoes, Frank Joseph 907 $a.b14010628$b08-07-15$c04-10-11 912 $a991001413239707536 945 $aLE006 617.7 GOE$g1$i2006000166508$lle006$op$pE90.41$q-$rl$s- $t0$u2$v13$w2$x0$y.i15327000$z04-10-11 996 $aMultifocal IOLs$9241961 997 $aUNISALENTO 998 $ale006$b04-10-11$cm$da $e-$feng$gii $h0$i0